000 00655nam a2200229Ia 4500
003 OSt
005 20230417100942.0
008 210423s2009 xx 000 0 und d
020 _a9780521683197
040 _cAL
041 _aeng
082 _a330.015195 ANTM
100 _aANTHONY (Martin);BIGGS (Norman)
_989098
245 _aMathematics for economics and finance: methods and modelling
260 _aUK
_bCambridge University Press
_c2009
300 _ax,394
_bPB
365 _b325
_cINR
650 _aEconomics
_989099
650 _aEconomics
_989099
906 _aeconomics ; finance: ; Mathematics ; methods ; modelling
942 _2ddc
_cBK
999 _c159889
_d159889